Sanat - "Jääkukat" - Suvi Teräsniska - Statistics

Yleistilastot
  • Tätä visaa on pelattu 2 kertaa
  • Keskiarvotulos 19 / 105
Vastaustilastot
Vastaus % Oikein
ja
100%
jääkukat
100%
aika
50%
ei
50%
ikkunaan
50%
jos
50%
kun
50%
ne
50%
niitä
50%
on
50%
pakkanen
50%
Tää
50%
vaan
50%
ainutkertainen
0%
haihtuu
0%
höyhebsadetta
0%
huurteellaan
0%
ihmeen
0%
ihmisen
0%
Jääkide
0%
joulunaika
0%
joulunhalla
0%
jouluyön
0%
katsoo
0%
kauas
0%
kauneimmat
0%
kevääseen
0%
koristaa
0%
koskaan
0%
lähempää
0%
loistollaan
0%
lumipilvet
0%
lupaa
0%
meidät
0%
meille
0%
mielestä
0%
mieli
0%
muistuta
0%
myös
0%
nuo
0%
piirtelee
0%
pimeä
0%
Pohjan
0%
pohjan
0%
pudottaa
0%
sadulta
0%
taittuvan
0%
taivaan
0%
talven
0%
tarjoaa
0%
tarkkaan
0%
toistansa
0%
tuntuu
0%
vaihtuvan
0%
yhdistää
0%
Ehtoja vastaavia visoja ei löytynyt
Tulosjakauma
Jokaisen tuloksen saaneiden osuus
Persentiili vastausten määrän mukaan
Tuloshistoriasi
Et ole pelannut tätä visaa